000 00563nam a22002057a 4500
003 0
005 20251111111742.0
008 251111b xxu||||| |||| 00| 0 eng d
020 _a0-7704-3012-0
050 _aPR 9199.3.F48
_b.F54 2006
100 _aFielding, Joy,
_eauthor.
245 _aThe Deep end /
_cJoy Fielding.
260 _aCanada :
_bSeal Books,
_c2006.
300 _a422 pages ;
_c18 cm.
650 _aSuspense fiction.
650 _aPsychological fiction.
650 _aFamily problems
_xFiction.
650 _aCrimes
_xFiction.
942 _2lcc
_cBK
999 _c368572
_d368572